La historia del seguro en Chile, 1810-2010.

Uloženo v:
Podrobná bibliografie
Hlavní autor: Llorca-Jaña, Manuel (autor)
Médium: Kniha
Vydáno: Madrid, España: Fundación Mapfre, 2011.
Témata:
Tagy: Přidat tag
Žádné tagy, Buďte první, kdo vytvoří štítek k tomuto záznamu!

MARC

LEADER 00000nam a22000007a 4500
003 CL-VaPUC
005 20221201155452.0
008 221012t2011 ||||| |||| 00| 0 eng d
999 |c 439139  |d 439137 
020 |a 978-84-9844-266-3 
040 |c Pontificia Universidad Católica de Valparaíso 
082 0 4 |2 22  |a 368.983 LLO 2011 
100 1 |a Llorca-Jaña, Manuel  |9 602293  |e autor 
245 1 3 |a La historia del seguro en Chile, 1810-2010. 
260 |a Madrid, España:  |b Fundación Mapfre,  |c 2011. 
300 |a 229 páginas. 
500 |a c.1. Donación Rector saliente Claudio Elortegui, Julio 2022. 
583 |c 20221012  |k Catalogador Asistente 
650 1 |a Seguros  |z Chile  |x Historia  |9 878248 
650 1 |a Compañías de seguros  |z Chile  |x Historia  |9 878249 
942 |2 ddc  |c BK 
952 |0 0  |1 0  |2 ddc  |4 0  |6 368_983000000000000_LLO_2011  |7 0  |8 A  |9 587207  |a BIBENE  |b BIBENE  |c GEN  |d 2022-10-12  |e Donación  |i 5655146  |o 368.983 LLO 2011  |p 5655146  |r 2025-01-15  |t 1  |w 2022-10-12  |y BK  |k ICO